| 000 | 00832nas a2200277 4500 | ||
|---|---|---|---|
| 001 | BR2010001107 | ||
| 003 | BR-BrBNA | ||
| 005 | 20231205113956.0 | ||
| 007 | ta | ||
| 008 | 230509b bl.|||p| |||| 00| 00por d | ||
| 040 |
_aBR-BrBNA _bpor _cBiblioteca Nacional de Agricultura |
||
| 041 | _a(En) | ||
| 072 | _aH60 | ||
| 100 | 1 | _aSilva, P.S.L. | |
| 100 | 1 | _aDamasceno, A.P.A.B. | |
| 100 | 1 | _aSilva, K.M.B. | |
| 100 | 1 | _aOliveira, O.F. | |
| 100 | 1 | _aQueiroga, R.C.F. | |
| 245 | 1 | _aGrowth and yield of corn grain and green ear in competition with weeds | |
| 650 | _aMILHO | ||
| 650 | _aCOMPETIÇÃO DE VARIEDADE | ||
| 650 | _aMATERIA SECA | ||
| 773 | 0 |
_tPlanta Daninha (Brazil) _xISSN 0100-8358 _g(2009), v. 27(special number) p. 947-955 _wBR2010001107 |
|
| 909 |
_a202311 _bLúcia _c55 _dLúcia Elande |
||
| 942 |
_2AGRIS _n0 _cANA |
||
| 999 |
_c206534 _d206534 |
||